000 00859nas a2200265 4500
001 BR9206470
003 BR-BrBNA
005 20231205092926.0
007 ta
008 230509b bl.|||p| |||| 00| 00por d
040 _aBR-BrBNA
_bpor
_cBiblioteca Nacional de Agricultura
041 _a(Pt)
072 _aL02
100 1 _aMoretti, A. de S.
100 1 _aMasotti, N.
100 1 _aBarbosa, A.S.
100 1 _aSampaio, I.B.M.
245 1 _aGanho de peso na fase de crescimento - terminacao e caracteristicas da carcaca de suinos puros e mesticos
650 _aSUÍNO
650 _aGANHO DE PESO
650 _aCARCACA
773 0 _tArquivos da Escola de Veterinaria da Universidade Federal de Minas Gerais (Brazil)
_xISSN 0365-8384
_g(Dec 1982), v. 34(3) p. 537-544
_wBR9206470
909 _a202311
_bLúcia
_c55
_dLúcia Elande
942 _2AGRIS
_n0
_cANA
999 _c135155
_d135155